Premier League Squads - 2023/24 - Statistics

General Stats
  • This quiz has been taken 87 times
  • The average score is 288 of 500
Answer Stats
Team # Position Country Player % Correct
Wolves 1 GK Portugal Jose Sa
96%
Arsenal 1 GK England Aaron Ramsdale
95%
Arsenal 22 GK Spain David Raya
95%
Arsenal 2 CB France William Saliba
95%
Arsenal 6 CB Brazil Gabriel
93%
Arsenal 35 LB Ukraine Oleksandr Zinchenko
93%
Arsenal 41 DM England Declan Rice
91%
Aston Villa 1 GK Argentina Emiliano Martinez
91%
Arsenal 11 LW Brazil Gabriel Martinelli
91%
Arsenal 20 DM Italy Jorginho
91%
Arsenal 29 AM Germany Kai Havertz
91%
Arsenal 8 AM Norway Martin Odegaard
91%
Arsenal 7 RW England Bukayo Saka
89%
Arsenal 9 ST Brazil Gabriel Jesus
89%
Arsenal 19 LW Belgium Leandro Trossard
89%
Man Utd 6 CB Argentina Lisandro Martinez
89%
Arsenal 5 DM Ghana Thomas Partey
89%
Arsenal 4 RB England Ben White
87%
Nottingham Forest 10 AM England Morgan Gibbs-White
87%
Arsenal 18 RB Japan Takehiro Tomiyasu
85%
Bournemouth 15 RB England Adam Smith
84%
Everton 8 DM Belgium Amadou Onana
84%
Man Utd 24 GK Cameroon Andre Onana
84%
Liverpool 9 ST Uruguay Darwin Nunez
84%
Man City 31 GK Brazil Ederson
84%
Arsenal 10 AM England Emile Smith-Rowe
84%
Arsenal 15 LB Poland Jakub Kiwior
84%
Arsenal 25 DM Egypt Mohamed Elneny
84%
Liverpool 11 RW Egypt Mohamed Salah
84%
Aston Villa 11 ST England Ollie Watkins
84%
Liverpool 4 CB Netherlands Virgil van Dijk
84%
Liverpool 1 GK Brazil Alisson
82%
Liverpool 26 LB Scotland Andrew Robertson
82%
Man City 20 AM Portugal Bernardo Silva
82%
Man Utd 14 CM Denmark Christian Eriksen
82%
Liverpool 18 LW Netherlands Cody Gakpo
82%
Chelsea 20 AM England Cole Palmer
82%
Man City 9 ST Norway Erling Haaland
82%
Liverpool 2 CB England Joe Gomez
82%
Man City 5 CB England John Stones
82%
Man City 2 RB England Kyle Walker
82%
Liverpool 7 LW Colombia Luis Diaz
82%
Man Utd 11 ST Denmark Rasmus Hojlund
82%
Man City 16 DM Spain Rodri
82%
Man City 3 CB Portugal Ruben Dias
82%
Man City 21 LB Spain Sergio Gomez
82%
Chelsea 6 CB Brazil Thiago Silva
82%
Man Utd 2 CB Sweden Victor Lindelof
82%
Man Utd 17 LW Argentina Alejandro Garnacho
80%
Newcastle Utd 14 ST Sweden Alexander Isak
80%
Liverpool 10 CM Argentina Alexis Mac Allister
80%
Chelsea 21 LB England Ben Chilwell
80%
Man Utd 8 AM Portugal Bruno Fernandes
80%
Liverpool 17 CM England Curtis Jones
80%
Man Utd 20 RB Portugal Diogo Dalot
80%
Liverpool 20 LW Portugal Diogo Jota
80%
Liverpool 8 CM Hungary Dominik Szoboszlai
80%
Arsenal 14 ST England Eddie Nketiah
80%
West Ham 19 DM Mexico Edson Alvarez
80%
Man Utd 5 CB England Harry Maguire
80%
Aston Villa 7 CM Scotland John McGinn
80%
Man City 19 ST Argentina Julian Alvarez
80%
Arsenal 12 CB Netherlands Jurrien Timber
80%
Man City 17 AM Belgium Kevin De Bruyne
80%
Man Utd 10 LW England Marcus Rashford
80%
Man City 8 CM Croatia Mateo Kovacic
80%
Aston Villa 2 RB Poland Matty Cash
80%
Man City 6 CB Netherlands Nathan Ake
80%
Chelsea 15 ST Senegal Nicolas Jackson
80%
Chelsea 1 GK Spain Robert Sanchez
80%
Man Utd 39 DM Scotland Scott McTominay
80%
Liverpool 66 RB England Trend Alexander-Arnold
80%
Aston Villa 8 CM Belgium Youri Tielemans
80%
Man Utd 9 ST France Anthony Martial
78%
Man Utd 21 RW Brazil Antony
78%
Sheffield Utd 11 LW Chile Brereton Diaz
78%
Man Utd 18 DM Brazil Casemiro
78%
Everton 20 CM England Dele Alli
78%
Bournemouth 9 ST England Dominic Solanke
78%
Aston Villa 6 CM Brazil Douglas Luiz
78%
Chelsea 8 CM Argentina Enzo Fernandez
78%
Liverpool 19 AM England Harvey Elliott
78%
Liverpool 5 CB France Ibrahima Konate
78%
Man City 10 LW England Jack Grealish
78%
Man City 11 LW Belgium Jeremy Doku
78%
Liverpool 32 CB Cameroon Joel Matip
78%
Everton 1 GK England Jordan Pickford
78%
Aston Villa 31 LW Jamaica Leon Bailey
78%
Man Utd 23 LB England Luke Shaw
78%
Man City 25 CB Switzerland Manuel Akanji
78%
Chelsea 3 LB Spain Marc Cucurella
78%
Spurs 37 CB Netherlands Micky van de Ven
78%
Chelsea 25 DM Ecuador Moises Caicedo
78%
Chelsea 10 LW Ukraine Mykhaylo Mudryk
78%
Bournemouth 1 GK Brazil Neto
78%
Wolves 7 RW Portugal Pedro Neto
78%
Man City 47 RW England Phil Foden
78%
Chelsea 24 RB England Reece James
78%
Man Utd 4 DM Morocco Sofyan Amrabat
78%
Liverpool 3 DM Japan Wataru Endo
78%
Man Utd 29 RB England Aaron Wan-Bissaka
76%
Newcastle Utd 39 DM Brazil Bruno Guimaraes
76%
Newcastle Utd 9 ST England Callum Wilson
76%
Fulham 8 RW Wales Harry Wilson
76%
Spurs 7 LW South Korea Heung-min Son
76%
Man City 24 CB Croatia Josko Gvardiol
76%
Man Utd 7 AM England Mason Mount
76%
Newcastle Utd 22 GK England Nick Pope
76%
Aston Villa 14 CB Spain Pau Torres
76%
Chelsea 7 LW England Raheem Sterling
76%
Man City 82 RB England Rico Lewis
76%
Liverpool 6 CM Spain Thiago Alcantara
76%
Fulham 17 GK Germany Bernd Leno
75%
Liverpool 62 GK Ireland Caoimhin Kelleher
75%
Chelsea 23 CM England Conor Gallagher
75%
Everton 9 ST England Dominic Calvert-Lewin
75%
Liverpool 21 LB Greece Konstantinos Tsimikas
75%
Man City 27 CM Portugal Matheus Nunes
75%
Aston Villa 19 RW France Moussa Diaby
75%
Man Utd 19 CB France Raphael Varane
75%
Spurs 9 ST Brazil Richarlison
75%
Newcastle Utd 10 LW England Anthony Gordon
73%
West Ham 2 RB England Ben Johnson
73%
Aston Villa 44 DM France Boubacar Kamara
73%
Spurs 22 RW Wales Brennan Johnson
73%
Spurs 21 RW Sweden Dejan Kulusevski
73%
Arsenal 21 AM Portugal Fabio Vieira
73%
Brighton & Hove Albion 22 LW Japan Kaoru Mitoma
73%
Newcastle Utd 2 RB England Kieran Trippier
73%
Brighton & Hove Albion 5 CB England Lewis Dunk
73%
Aston Villa 12 LB France Lucas Digne
73%
Man City 52 RW Norway Oscar Bobb
73%
Arsenal 24 RW England Reiss Nelson
73%
Man City 18 GK Germany Stefan Ortega
73%
Fulham 11 RW Spain Adama Traore
71%
Everton 21 CM Portugal Andre Gomes
71%
Wolves 6 DM Mali Boubacar Traore
71%
Brentford 19 RW Cameroon Bryan Mbeumo
71%
Liverpool 84 RB Northern Ireland Conor Bradley
71%
Crystal Palace 30 GK England Dean Henderson
71%
Aston Villa 3 CB Brazil Diego Carlos
71%
Crystal Palace 10 AM England Eberechi Eze
71%
Aston Villa 10 RW Argentina Emiliano Buendia
71%
Brighton & Hove Albion 28 ST Ireland Evan Ferguson
71%
Aston Villa 4 CB England Ezri Konsa
71%
Spurs 13 GK Italy Guglielmo Vicario
71%
Brentford 17 ST England Ivan Toney
71%
Aston Villa 41 AM England Jacob Ramsey
71%
Aston Villa 24 ST Colombia Jhon Duran
71%
Wolves 8 CM Brazil Joao Gomes
71%
Newcastle Utd 7 CM Brazil Joelinton
71%
Man Utd 35 CB Northern Ireland Jonny Evans
71%
Chelsea 27 RB France Malo Gusto
71%
Newcastle Utd 1 GK Slovakia Martin Dubravka
71%
Newcastle Utd 24 RW Paraguay Miguel Almiron
71%
Fulham 7 ST Mexico Raul Jimenez
71%
Aston Villa 25 GK Sweden Robin Olsen
71%
Luton 6 CM England Ross Barkley
71%
Liverpool 38 CM Netherlands Ryan Gravenberch
71%
Newcastle Utd 8 DM Italy Sandro Tonali
71%
Wolves 24 CB Portugal Toti Gomes
71%
Man Utd 12 LB Netherlands Tyrell Malacia
71%
Burnley 21 AM England Aaron Ramsey
69%
Spurs 11 LW Spain Bryan Gil
69%
Arsenal 17 RB Portugal Cedric Soares
69%
Spurs 17 CB Argentina Cristian Romero
69%
Brighton & Hove Albion 18 ST England Danny Welbeck
69%
Burnley 23 ST Ivory Coast David Datro Fofana
69%
Chelsea 28 GK Serbia Djordje Petrovic
69%
Liverpool 78 CB England Jarell Quansah
69%
Man Utd 37 CM England Kobbie Mainoo
69%
West Ham 9 ST Jamaica Michail Antonio
69%
Crystal Palace 36 CB England Nathan Ferguson
69%
Nottingham Forest 7 RB Wales Neco Williams
69%
Spurs 5 DM Denmark Pierre-Emile Hojbjerg
69%
Liverpool 46 CB England Rhys Williams
69%
Newcastle Utd 4 CB Netherlands Sven Botman
69%
Aston Villa 5 CB England Tyrone Mings
69%
Chelsea 33 CB France Wesley Fofana
69%
Liverpool 13 GK Spain Adrian
67%
West Ham 23 GK France Alphonse Areola
67%
Nottingham Forest 21 LW Sweden Anthony Elanga
67%
Chelsea 2 CB France Axel Disasi
67%
Spurs 33 LB Wales Ben Davies
67%
Newcastle Utd 5 CB Switzerland Fabian Schar
67%
Newcastle Utd 15 LW England Harvey Barnes
67%
Spurs 10 AM England James Maddison
67%
Crystal Palace 16 CB Denmark Joachim Andersen
67%
Fulham 26 DM Portugal Joao Palhinha
67%
Brighton & Hove Albion 9 ST Brazil Joao Pedro
67%
Bournemouth 4 CM England Lewis Cook
67%
West Ham 10 AM Brazil Lucas Paqueta
67%
Luton 5 CB Denmark Mads Andersen
67%
Crystal Palace 7 RW France Michael Olise
67%
Brighton & Hove Albion 13 CM Germany Pascal Gross
67%
Spurs 23 RB Spain Pedro Porro
67%
Spurs 30 CM Uruguay Rodrigo Bentancur
67%
Chelsea 45 DM Belgium Romeo Lavia
67%
Sheffield Utd 22 CM England Tom Davies
67%
Bournemouth 18 DM United States Tyler Adams
67%
Man Utd 16 RW Ivory Coast Amad Diallo
65%
Fulham 33 LB United States Antonee Robinson
65%
Brighton & Hove Albion 1 GK Netherlands Bart Verbruggen
65%
Chelsea 5 CB France Benoit Badiashille
65%
Everton 14 ST Portugal Beto
65%
Newcastle Utd 33 LB England Dan Burn
65%
Spurs 38 LB Italy Destiny Udogie
65%
Sheffield Utd 19 CB England Jack Robinson
65%
Everton 6 CB England James Tarkowski
65%
West Ham 20 RW England Jarrod Bowen
65%
Crystal Palace 14 ST France Jean-Philippe Mateta
65%
Brentford 24 LW Denmark Mikkel Damsgaard
65%
Chelsea 11 RW England Noni Madueke
65%
Spurs 16 ST Germany Timo Werner
65%
West Ham 28 DM Czech Republic Tomas Soucek
65%
Fulham 18 AM Brazil Andreas Pereira
64%
Fulham 9 ST Albania Armando Broja
64%
Nottingham Forest 11 ST Australia Chris Wood
64%
Everton 27 CM Senegal Idrissa Gueye
64%
Burnley 1 GK England James Trafford
64%
Crystal Palace 9 ST Ghana Jordan Ayew
64%
West Ham 4 CB France Kurt Zouma
64%
Chelsea 26 CB England Levi Colwill
64%
Crystal Palace 6 CB England Marc Guehi
64%
Brentford 1 GK Netherlands Mark Flekken
64%
Bournemouth 3 LB Hungary Milos Kerkez
64%
Aston Villa 22 AM Italy Nicolo Zaniolo
64%
Spurs 29 CM Senegal Pape Sarr
64%
Brighton & Hove Albion 30 LB Ecuador Pervis Estupinan
64%
Brighton & Hove Albion 2 RB Ghana Tariq Lamptey
64%
Man Utd 22 GK England Tom Heaton
64%
Everton 19 LB Ukraine Vitaliy Mykolenko
64%
Brentford 11 LW DR Congo Yoane Wissa
64%
Spurs 8 CM Mali Yves Bissouma
64%
Aston Villa 15 LB Spain Alex Moreno
62%
Chelsea 18 AM France Christopher Nkunku
62%
Crystal Palace 12 RB Colombia Daniel Munoz
62%
Everton 7 LW England Dwight McNeil
62%
Spurs 12 RB Brazil Emerson Royal
62%
Brighton & Hove Albion 6 CM England James Milner
62%
Brentford 8 CM Denmark Mathias Jensen
62%
Brentford 7 ST France Neal Maupay
62%
Man City 33 GK England Scott Carson
62%
Everton 23 RB Ireland Seamus Coleman
62%
Brighton & Hove Albion 7 RW England Solly March
62%
Everton 16 CM Mali Abdoulaye Doucoure
60%
Fulham 22 AM Nigeria Alex Iwobi
60%
Liverpool 50 RW Scotland Ben Doak
60%
Nottingham Forest 14 LW England Callum Hudson-Odoi
60%
Luton 9 ST England Carlton Morris
60%
Crystal Palace 28 DM Mali Cheick Doucoure
60%
Luton 11 ST England Elijah Adebayo
60%
Everton 32 CB England Jarrad Branthwaite
60%
Crystal Palace 2 RB England Joel Ward
60%
Bournemouth 19 LW Netherlands Justin Kluivert
60%
West Ham 14 AM Ghana Mohammed Kudus
60%
Crystal Palace 22 ST France Odsonne Edouard
60%
Newcastle Utd 36 CM England Sean Longstaff
60%
Fulham 21 RB Belgium Timothy Castagne
60%
West Ham 5 RB Czech Republic Vladimir Coufal
60%
Brighton & Hove Albion 14 AM England Adam Lallana
58%
Brighton & Hove Albion 31 LW Spain Ansu Fati
58%
Brighton & Hove Albion 11 DM Scotland Billy Gilmour
58%
Newcastle Utd 17 RB Sweden Emil Krafth
58%
Bournemouth 26 ST Turkey Enes Unal
58%
Brentford 5 CB Jamaica Ethan Pinnock
58%
Wolves 11 ST South Korea Hee-chan Hwang
58%
Brighton & Hove Albion 3 CB Brazil Igor
58%
Brighton & Hove Albion 15 CM Poland Jakub Moder
58%
Newcastle Utd 6 CB England Jamal Lascelles
58%
Brighton & Hove Albion 23 GK England Jason Steel
58%
Fulham 2 RB Netherlands Kenny Tete
58%
Brentford 20 CB Norway Kristoffer Ajer
58%
Newcastle Utd 20 LB England Lewis Hall
58%
Newcastle Utd 18 GK Germany Loris Karius
58%
West Ham 1 GK Poland Lukasz Fabianski
58%
Bournemouth 25 CB Argentina Marcos Senesi
58%
Nottingham Forest 1 GK United States Matt Turner
58%
Everton 5 CB England Michael Keane
58%
Spurs 4 DM England Oliver Skipp
58%
Burnley 16 DM Norway Sander Berge
58%
Brighton & Hove Albion 24 RW Ivory Coast Simon Adingra
58%
Crystal Palace 3 LB England Tyrick Mitchell
58%
West Ham 3 LB England Aaron Cresswell
56%
Man Utd 1 GK Turkey Altay Bayindir
56%
Fulham 3 CB Nigeria Calvin Bassey
56%
Brentford 6 DM Denmark Christina Norgaard
56%
Brighton & Hove Albion 29 CB Netherlands Jan Paul van Hecke
56%
West Ham 15 CB Greece Konstantinos Mavropanos
56%
Bournemouth 5 CB England Lloyd Kelly
56%
West Ham 27 CB Morocco Nayef Aguerd
56%
Bournemouth 29 CM Denmark Philip Billing
56%
Spurs 6 CB Romania Radu Dragusin
56%
Brentford 3 LB England Rico Henry
56%
Fulham 19 ST Brazil Rodrigo Muniz
56%
Crystal Palace 1 GK England Sam Johnstone
56%
Liverpool 43 DM Spain Stefan Bajcetic
56%
Newcastle Utd 21 RB England Tino Livramento
56%
Crystal Palace 19 CM England Will Hughes
56%
Brighton & Hove Albion 4 CB England Adam Webster
55%
West Ham 21 CB Italy Angelo Ogbonna
55%
Bournemouth 24 RW Ghana Antoine Semenyo
55%
Everton 10 LW Netherlands Arnaut Danjuma
55%
Fulham 14 AM Jamaica Bobby De Cordova-Reid
55%
Newcastle Utd 32 CM Scotland Elliot Anderson
55%
Bournemouth 27 CB Ukraine Ilya Zabarnyi
55%
Brighton & Hove Albion 34 RB Netherlands Joel Veltman
55%
Newcastle Utd 67 CM England Lewis Miley
55%
Bournemouth 17 LW Colombia Luis Sinisterra
55%
Burnley 17 ST South Africa Lyle Foster
55%
Nottingham Forest 9 ST Nigeria Taiwo Awoniyi
55%
Fulham 13 CB United States Tim Ream
55%
Fulham 10 CM Scotland Tom Cairney
55%
Chelsea 14 CB England Trevoh Chalobah
55%
Brentford 2 RB Scotland Aaron Hickey
53%
Spurs 20 GK England Fraser Foster
53%
Crystal Palace 8 DM Colombia Jefferson Lerma
53%
Aston Villa 27 LW England Morgan Rogers
53%
Crystal Palace 17 RB England Nathaniel Clyne
53%
Luton 24 GK Belgium Thomas Kaminski
53%
Fulham 20 LW Brazil Willian
53%
Burnley 49 GK Kosovo Arijanet Muric
51%
Crystal Palace 26 CB United States Chris Richards
51%
Brighton & Hove Albion 40 AM Argentina Facundo Buonanotte
51%
Spurs 18 AM Argentina Giovani Lo Celso
51%
Fulham 31 CB France Issa Diop
51%
Brighton & Hove Albion 10 AM Paraguay Julio Enciso
51%
Spurs 27 LW Israel Manor Solomon
51%
Wolves 5 DM Gabon Mario Lemina
51%
Everton 2 RB Scotland Nathan Patterson
51%
Wolves 14 AM Gabon Noah Lemina
51%
Bournemouth 10 AM Scotland Ryan Christie
51%
Brentford 12 LB Spain Sergio Reguilon
51%
Luton 14 RW Netherlands Tahith Chong
51%
Brentford 21 GK Albania Thomas Strakosha
51%
Crystal Palace 20 CM England Adam Wharton
49%
Chelsea 31 CM Italy Cesare Casadei
49%
Aston Villa 17 CB France Clement Lenglet
49%
West Ham 18 ST England Danny Ings
49%
Newcastle Utd 23 RW England Jacob Murphy
49%
West Ham 7 CM England James Ward-Prowse
49%
Burnley 9 ST England Jay Rodriguez
49%
Crystal Palace 15 LM Ghana Jeffrey Schlupp
49%
Newcastle Utd 28 CM England Joe Willock
49%
Wolves 12 ST Brazil Matheus Cunha
49%
Nottingham Forest 26 GK Belgium Matz Sels
49%
Bournemouth 37 RB England Max Aarons
49%
Nottingham Forest 23 GK Greece Odysseas Vlachodimos
49%
Nottingham Forest 43 RB Nigeria Ola Aina
49%
Wolves 3 LB Algeria Rayan Ait-Nouri
49%
Brentford 27 DM Germany Vitaly Janelt
49%
Luton 29 LB Jamaica Amari'i Bell
47%
Everton 18 LB England Ashley Young
47%
Nottingham Forest 6 DM Ivory Coast Ibrahim Sangare
47%
Everton 11 RW England Jack Harrison
47%
Brentford 9 RW Germany Kevin Schade
47%
Bournemouth 42 GK Ireland Mark Travers
47%
Wolves 23 CB England Max Kilman
47%
Nottingham Forest 40 CB Brazil Murillo
47%
Wolves 22 RB Portugal Nelson Semedo
47%
Fulham 28 CM Serbia Sasa Lukic
47%
Everton 22 CB England Ben Godfrey
45%
Brentford 16 CB England Ben Mee
45%
Brighton & Hove Albion 20 DM Cameroon Carlos Baleba
45%
Bournemouth 11 RW Burkina Faso Dango Ouattara
45%
Nottingham Forest 27 ST Belgium Divock Origi
45%
Luton 19 ST England Jacob Brown
45%
Everton 37 DM England James Garner
45%
West Ham 11 DM England Kalvin Phillips
45%
Brentford 23 LW England Keane Lewis-Potter
45%
Bournemouth 16 LM England Marcus Tavernier
45%
Newcastle Utd 11 RM Scotland Matt Ritchie
45%
Newcastle Utd 13 LB England Matt Targett
45%
Brentford 22 CB Ireland Nathan Collins
45%
Nottingham Forest 30 CB Ivory Coast Willy Boly
45%
Luton 45 LM England Alfie Doughty
44%
Bournemouth 20 GK Romania Andrei Radu
44%
Burnley 2 CB Ireland Dara O'Shea
44%
West Ham 33 LB Italy Emerson Palmieri
44%
Brentford 15 CM Nigeria Frank Onyeka
44%
Nottingham Forest 29 RB Argentina Gonzalo Montiel
44%
Fulham 6 CM England Harrison Reed
44%
Brentford 10 CM England Josh Dasilva
44%
West Ham 17 LW Ivory Coast Maxwel Cornet
44%
Luton 4 CB Wales Tom Lockyer
44%
Brighton & Hove Albion 19 LB Argentina Valentin Barco
44%
Wolves 15 CB England Craig Dawson
42%
Nottingham Forest 20 AM United States Giovanni Reyna
42%
Crystal Palace 44 DM Netherlands Jairo Riedewald
42%
Chelsea 16 DM France Lesley Ugochukwu
42%
Chelsea 13 GK England Marcus Bettinelli
42%
Wolves 2 RB Ireland Matt Doherty
42%
Fulham 4 CB England Tosin Adarabioyo
42%
Luton 28 CM Belgium Albert Sambi Lokonga
40%
Sheffield Utd 15 CB Bosnia-Herzegovina Anel Ahmedhodzic
40%
Bournemouth 6 CB Wales Chris Mepham
40%
Burnley 7 RW Iceland Johann Berg Gudmundsson
40%
Fulham 1 GK Slovakia Marek Rodak
40%
Luton 13 DM Zimbabwe Marvelous Nakamba
40%
Wolves 63 ST Ireland Nathan Fraser
40%
Nottingham Forest 16 CM Argentina Nicolas Dominguez
40%
Burnley 25 ST Switzerland Zeki Amdouni
40%
Chelsea 17 CM England Carney Chukwuemeka
38%
Nottingham Forest 28 CM Brazil Danilo
38%
Nottingham Forest 22 CM England Ryan Yates
38%
Brentford 14 AM Iran Saman Ghoddos
38%
Man Utd 53 CB England Willy Kambwala
38%
Brentford 13 CB Denmark Zanka Jorgensen
38%
Bournemouth 14 CM England Alex Scott
36%
Aston Villa 16 CB England Calum Chambers
36%
Nottingham Forest 8 DM Senegal Cheikhou Kouyate
36%
Sheffield Utd 8 CM Netherlands Gustavo Hamer
36%
Everton 12 GK Portugal Joao Virginia
36%
Burnley 8 CM England Josh Brownhill
36%
Sheffield Utd 9 ST Scotland Oli McBurnie
36%
Luton 15 CB England Teden Mengi
36%
Luton 23 GK Netherlands Tim Krul
36%
Sheffield Utd 10 ST England Cameron Archer
35%
Luton 12 RB Burkina Faso Issa Kabore
35%
Burnley 4 DM England Jack Cork
35%
Brighton & Hove Albion 41 DM England Jack Hinshelwood
35%
Aston Villa 30 CB England Kortney Hause
35%
Crystal Palace 11 AM Brazil Matheus Franca
35%
Nottingham Forest 3 LB Portugal Nuno Tavares
35%
Spurs 19 LM England Ryan Sessegnon
35%
Sheffield Utd 18 GK England Wes Foderingham
35%
Everton 28 ST Portugal Chermiti
33%
Wolves 17 LB Spain Hugo Bueno
33%
Wolves 27 CM France Jean-Ricner Bellegarde
33%
Wolves 4 CB Uruguay Santiago Bueno
33%
Brentford 26 CM Grenada Shandon Baptiste
33%
Burnley 3 LB England Charlie Taylor
31%
Luton 7 RW Ireland Chiedozie Ogbene
31%
Bournemouth 23 CB England James Hill
31%
Crystal Palace 5 CB England James Tomkins
31%
Brentford 30 RB Denmark Mads Roerslev
31%
Nottingham Forest 19 CB Senegal Moussa Niakhate
31%
Burnley 47 LW France Wilson Odobert
31%
Sheffield Utd 35 CM England Andre Brooks
29%
Nottingham Forest 15 LB England Harry Toffolo
29%
Sheffield Utd 13 GK Croatia Ivo Grbic
29%
Sheffield Utd 12 CB Ireland John Egan
29%
Burnley 5 CB Germany Jordan Beyer
29%
Burnley 24 CM Ireland Josh Cullen
29%
Wolves 21 RW Spain Pablo Sarabia
29%
Burnley 22 RB Brazil Vitinho
29%
Fulham 12 LB Senegal Fode Ballo-Toure
27%
Luton 2 CB Nigeria Gabriel Osho
27%
Burnley 34 LW Denmark Jacob Bruun Larsen
27%
Sheffield Utd 28 CM England James McAtee
27%
Crystal Palace 49 RW England Jesurun Rak-Sakyi
27%
Burnley 30 LW Italy Luca Koleosho
27%
Sheffield Utd 30 CB England Mason Holgate
27%
Luton 17 DM DR Congo Pelly Ruddock Mpanzu
27%
Sheffield Utd 21 DM Brazil Vini Souza
27%
Luton 30 RW England Andros Townsend
25%
Spurs 40 GK England Brandon Austin
25%
Nottingham Forest 18 CB Brazil Felipe
25%
Sheffield Utd 2 RB Greece George Baldock
25%
Newcastle Utd 3 CB England Paul Dummett
25%
Sheffield Utd 7 ST England Rhian Brewster
25%
Wolves 25 GK England Daniel Bentley
24%
Bournemouth 8 RM France Romain Faivre
24%
Aston Villa 47 CM England Tim Iroegbunam
24%
Sheffield Utd 5 CB United States Auston Trusty
22%
Sheffield Utd 6 CB England Chris Basham
22%
Sheffield Utd 20 RB England Jayden Bogle
22%
Burnley 20 RB France Lorenz Assignon
22%
Sheffield Utd 32 ST Denmark William Osula
22%
Luton 27 RB Japan Daiki Hashioka
20%
Crystal Palace 4 CB England Rob Holding
20%
Wolves 20 CM England Tommy Doyle
20%
Burnley 28 CB Belgium Ameen Al-Dakhil
18%
Nottingham Forest 32 CB Ireland Andrew Omobamidele
18%
Luton 10 ST England Cauley Woodrow
18%
West Ham 40 CM England George Earthy
18%
Luton 18 CM England Jordan Clark
18%
Luton 8 CM England Luke Berry
18%
Bournemouth 2 RB England Ryan Fredericks
18%
Brentford 33 AM Ukraine Yegor Yarmolyuk
18%
West Ham 45 ST England Divin Mubama
16%
Burnley 18 CB Sweden Hjalmar Ekdal
16%
Luton 1 GK England James Shea
16%
Burnley 33 CB France Maxime Esteve
16%
Burnley 31 LW Belgium Mike Tresor
16%
Crystal Palace 29 CM France Naouirou Ahamada
16%
Sheffield Utd 16 CM Northern Ireland Oliver Norwood
16%
Sheffield Utd 3 LB England Max Lowe
15%
Burnley 15 RW England Nathan Redmond
15%
Sheffield Utd 27 LB France Yasser Larouci
15%
Wolves 30 LW Paraguay Enso Gonzalez
13%
Burnley 44 CB Belgium Hannes Delcroix
13%
Burnley 10 RW Belgium Benson Manuel
11%
Luton 3 LB England Dan Potts
11%
Luton 16 CB England Reece Burke
11%
Sheffield Utd 25 CM Tunisia Anis Slimane
9%
Sheffield Utd 23 CM England Ben Osborn
9%
Burnley 29 GK Chile Lawrence Vigouroux
9%
Burnley 42 DM France Han-Noah Massengo
4%
Luton 32 AM Nigeria Fred Onyendinma
0%
No matching quizzes found
Score Distribution
Percent of People with Each Score
Percentile by Number Answered
Your Score History
You have not taken this quiz